000 00483nam a2200193Ia 4500
003 OSt
005 20221007082711.0
006 a|||||r|||| 00| 0
007 ta
008 221006b |||||||| |||| 00| 0 eng d
024 _a22,707
037 _cDissertations
040 _aFLL
_cFLL
_beng
041 _2eng
_aeng
100 _aChandra Vijay
_9699287
245 0 _aConservation of biodiversity in India
942 _cDIS
_2CC
999 _c1167434
_d1167434